Μύθος, γλώσσα και φύλο στο Corpus Priapeorum

Αποθηκεύτηκε σε:
Λεπτομέρειες βιβλιογραφικής εγγραφής
Κύριος συγγραφέας: Μιχαλόπουλος, Χαρίλαος Ν.
Μορφή: Βιβλίο
Γλώσσα:Greek
Δημοσίευση: Αθήνα : Πεδίο, 2014.
Σειρά:Δοκίμιο (Πεδίο).
Θέματα:
Ετικέτες: Προσθήκη ετικέτας
Δεν υπάρχουν, Καταχωρήστε ετικέτα πρώτοι!

MARC

LEADER 00000nam a2200000 a 4500
001 1/111491
008 160823s2014####gr | ||| |001 |dgre||
020 |a 9789605464134 
040 |a GR-MyUa  |b gre  |c GR-MyUa  |e AACR2 
041 0 |a gre 
082 7 |a 873   |2 (23)  
100 1 |a Μιχαλόπουλος, Χαρίλαος Ν. 
245 1 0 |a Μύθος, γλώσσα και φύλο στο Corpus Priapeorum /   |c Χαρίλαος Ν. Μιχαλόπουλος.  
260 |a Αθήνα :   |b Πεδίο,   |c 2014.  
300 |a 318 σ. ;   |c 20 εκ.  
490 1 |a (Δοκίμιο)  
504 |a Περιλαμβάνει βιβλιογραφία και ευρετήριο.  
650 0 |a Epic poetry, Latin  |x History and criticism. 
650 0 |a Epic poetry, Latin 
650 0 |a Latin literature. 
830 0 |a Δοκίμιο (Πεδίο). 
852 |a INST  |b LESVOS  |c EUDOXUS  |e 20160823  |h 873 ΜΙΧ  |p 005100058466  |q 005100058466  |t EDX  |y 0 
920 |a Εύδοξος  |b Παραγγελία  |y Λέσβος-ΤΚΑΙ  |z 2016-04 
970 |a Τζαφέρη  |b Ευαγγελία  |z 23-08-2016